000 00779nam a2200241 i 4500
001 C2-0305855
003 PPAK
005 20180728091246.0
008 100906s su |||| ||||| | ara d
040 _aPPAK
_beng
_cPPAK
_erda
082 0 4 _a297.2
_223
090 0 0 _a297.2
_bSOL
_dKMN
100 0 _aSoleh bin Said al-Sahimi,
_eauthor
245 1 0 _aMuzakarah fi al-Aqidah lil-durusat al-Tarhiyatu limualami al-hiqatu al-Arabiyah wa ill-Saqafah
_bPerbincangan dalam Aqidah bagi Pembelajaran Pendidikan
264 1 _aMadinah :
_bal-Jamiah al-Islamiyah bil al-Madinah ,
300 _a83 pages ;
_c23 cm
336 _2rdacontent
_atext
337 _2rdamedia
_aunmediated
338 _2rdacarrier
_avolume
500 _aTeks Arab
650 1 0 _aFaith (Islam)
942 _ddc
_cB
999 _c108845
_d108845